00712nam a2200169 a 450000100100000000500170001000800410002704000250006808200160009310000300010924500920013926000750023130000200030659000260032695201730035299900170052500003365920200930070424.0110905s1936 dr r 000 0 spa d aDO-SdBNPbspacBNPHU axxxxbA973d1 aAybar, Andrejuliio95912710aDiscurso de instalación en la Academia Dominicana de la Historia /cAndrejulio Aybar. aCiudad Trujillo, República Dominicana :bJ. R. Vda. García,c1936. a85 p. ;c15 cm. aInventariado, 2018/LP 001050718RVaPDbPDcHDd2011-09-05iLF1l0oxxxx A973dp33659-10r2020-06-25w2020-06-25y1zPerteneció a la biblioteca personal de Martínez Boog.ZNo se presta c33150d33150